000 00619nam a2200229Ia 4500
003 OSt
005 20220927104551.0
006 a|||||r|||| 00| 0
007 ta
008 220926b |||||||| |||| 00| 0 eng d
024 _a150104
037 _cReference Collections
040 _aRTL
_cRTL
_beng
041 _2eng
_aeng
082 _a"X9(J):75:B, L8/UN"
100 _aHazell P B P
_9366483
245 0 _aImportance of risk in agricultural planning models
260 _c1978
300 _a34p
_ccm.
942 _h"X9(J):75:B, L8/UN"
_cCC
999 _c688011
_d688011